[Event "Niteroi op 3rd"]
[Site "Niteroi"]
[Date "2023.09.04"]
[Round "1"]
[White "Moreira, Everaldo Bonifacio"]
[Black "Maia, Jose Eduardo Bastos"]
[Result "0-1"]
[WhiteElo "1547"]
[BlackElo "2051"]
[PlyCount "74"]
[EventDate "2023.09.04"]
[EventType "swiss"]
[EventRounds "9"]
[EventCountry "BRA"]
[SourceTitle "EXT 2024"]
[Source "ChessBase"]
[SourceDate "2023.10.10"]
[SourceVersion "1"]
[SourceVersionDate "2023.10.10"]
[SourceQuality "1"]

1. c4 e6 2. Nc3 Nf6 3. d4 Bb4 4. Qc2 b5 5. e3 bxc4 6. Bxc4 Bb7 7. Nf3 c5 8. dxc5 Nc6 9. 0-0 0-0 10. Na4 Qe7 11. Be2 d6 12. cxd6 Bxd6 13. Bd2 Rac8 14. Bc3 Nb4 15. Qc1 Bc6 16. Bxb4 Bxb4 17. Nc3 Ne4 18. a3 Ba5 19. Qc2 Ba8 20. Bd3 Nxc3 21. bxc3 Rxc3 22. Qa4 Qc7 23. Be2 Rb8 24. Nd4 Qc5 25. Bf3 Bxf3 26. Nxf3 g6 27. Qd4 Rb2 28. Qxc5 Rxc5 29. h3 Bd8 30. Rfd1 Bf6 31. Rab1 Ra2 32. Rb3 Rcc2 33. Rf1 Rc3 34. Rfb1 Rxa3 35. Rb8+ Kg7 36. R1b7 Rc5 37. Ra8 Rca5 0-1

[Event "Rio de Janeiro op"]
[Site "Rio de Janeiro"]
[Date "2022.04.23"]
[Round "4"]
[White "Sztokbant, Bernardo Vainzoff"]
[Black "Maia, Jose Eduardo Bastos"]
[Result "1-0"]
[WhiteElo "2190"]
[BlackElo "2043"]
[PlyCount "69"]
[EventDate "2022.04.21"]
[EventType "swiss"]
[EventRounds "6"]
[EventCountry "BRA"]
[SourceTitle "EXT 2023"]
[Source "ChessBase"]
[SourceDate "2022.10.05"]
[SourceVersion "1"]
[SourceVersionDate "2022.10.05"]
[SourceQuality "1"]

1. Nf3 d5 2. d4 Nf6 3. Bf4 e6 4. h3 c5 5. e3 Nc6 6. c3 Bd6 7. Bxd6 Qxd6 8. Bd3 0-0 9. 0-0 e5 10. dxe5 Nxe5 11. Nxe5 Qxe5 12. Nd2 Bf5 13. Nf3 Qe6 14. Bxf5 Qxf5 15. Qb3 b6 16. a4 Rab8 17. Rad1 Rfe8 18. Rd2 Re4 19. Rfd1 h6 20. Nh2 Rh4 21. Nf3 Re4 22. Qc2 Rbe8 23. a5 Qh5 24. axb6 axb6 25. Qb3 R8e6 26. Ra1 g5 27. Nh2 Rh4 28. Qd1 Qxd1+ 29. Rdxd1 Rhe4 30. Nf1 Rc6 31. Ra7 Re8 32. Ng3 Rf8 33. Nf5 Kh7 34. g4 Re6 35. Rb7 1-0

[Event "Rio de Janeiro op"]
[Site "Rio de Janeiro"]
[Date "2022.04.21"]
[Round "1"]
[White "Maia, Jose Eduardo Bastos"]
[Black "Costa, Enzo De Araujo Foll"]
[Result "1-0"]
[WhiteElo "2043"]
[BlackElo "1812"]
[PlyCount "29"]
[EventDate "2022.04.21"]
[EventType "swiss"]
[EventRounds "6"]
[EventCountry "BRA"]
[SourceTitle "CBM 207 Extra"]
[Source "ChessBase"]
[SourceDate "2022.05.31"]
[SourceVersion "1"]
[SourceVersionDate "2022.05.31"]
[SourceQuality "1"]

1. d4 d5 2. c4 c6 3. Qc2 Nf6 4. Nc3 e6 5. cxd5 exd5 6. Bg5 Be7 7. e3 0-0 8. Bd3 h6 9. Bh4 Be6 10. Nge2 g5 11. Bg3 Nh5 12. 0-0-0 f5 13. Be5 Nd7 14. g4 fxg4 15. Bh7+ 1-0

[Event "Florianopolis op 5th"]
[Site "Florianopolis"]
[Date "2019.01.27"]
[Round "10"]
[White "Villalba, Marcelo"]
[Black "Maia, Jose Eduardo Bastos"]
[Result "1/2-1/2"]
[WhiteElo "2276"]
[BlackElo "2087"]
[PlyCount "37"]
[EventDate "2019.01.21"]
[EventType "swiss"]
[EventRounds "10"]
[EventCountry "BRA"]
[SourceTitle "CBM 188 Extra"]
[Source "ChessBase"]
[SourceDate "2019.02.26"]
[SourceVersion "1"]
[SourceVersionDate "2019.02.26"]
[SourceQuality "1"]

1. e4 d6 2. d4 Nf6 3. Nc3 Nbd7 4. Nf3 e5 5. Bc4 Be7 6. 0-0 0-0 7. Re1 c6 8. a4 b6 9. d5 c5 10. a5 Rb8 11. Nb5 Ra8 12. Nc3 a6 13. axb6 Nxb6 14. Nd2 Ne8 15. Qe2 Bg5 16. Nb3 Bxc1 17. Rexc1 Nxc4 18. Qxc4 f5 19. exf5 1/2-1/2

[Event "Florianopolis op 5th"]
[Site "Florianopolis"]
[Date "2019.01.22"]
[Round "3"]
[White "Etchevest, Marcelo"]
[Black "Maia, Jose Eduardo Bastos"]
[Result "1-0"]
[WhiteElo "1860"]
[BlackElo "2087"]
[PlyCount "56"]
[EventDate "2019.01.21"]
[EventType "swiss"]
[EventRounds "10"]
[EventCountry "BRA"]
[SourceTitle "CBM 188 Extra"]
[Source "ChessBase"]
[SourceDate "2019.02.26"]
[SourceVersion "1"]
[SourceVersionDate "2019.02.26"]
[SourceQuality "1"]

1. d4 f5 2. c4 Nf6 3. Nc3 g6 4. Bf4 Bg7 5. h3 d6 6. Nf3 Nbd7 7. e3 0-0 8. Ng5 Nb6 9. c5 dxc5 10. Qb3+ Nbd5 11. dxc5 e6 12. Be5 a6 13. Nf3 c6 14. Bd6 Re8 15. Ne5 Nxc3 16. bxc3 Ne4 17. Rd1 Nxd6 18. Nc4 Ne4 19. Rxd8 Rxd8 20. Qa3 Bd7 21. Ke2 Bf6 22. g4 Be7 23. gxf5 Bxc5 24. Qb3 b5 25. Ne5 gxf5 26. Rg1+ Kh8 27. f3 Nd2 28. Qc2 Be7 1-0

[Event "Rio de Janeiro Duchamp op 2nd"]
[Site "Rio de Janeiro"]
[Date "2018.11.17"]
[Round "5"]
[White "Maia, Jose Eduardo Bastos"]
[Black "Matsuura, Everaldo"]
[Result "0-1"]
[WhiteElo "2093"]
[BlackElo "2476"]
[PlyCount "78"]
[EventDate "2018.11.14"]
[EventType "swiss"]
[EventRounds "9"]
[EventCountry "BRA"]
[SourceTitle "CBM 187 Extra"]
[Source "ChessBase"]
[SourceDate "2018.11.04"]
[SourceVersion "1"]
[SourceVersionDate "2018.11.04"]
[SourceQuality "1"]

1. e4 c5 2. Nf3 Nc6 3. d3 g6 4. g3 Bg7 5. Bg2 e5 6. 0-0 Nge7 7. c3 0-0 8. a4 d6 9. Na3 h6 10. Nc2 f5 11. h3 Be6 12. b4 Qd7 13. b5 Na5 14. Bb2 c4 15. Ne3 Nb3 16. Rb1 cxd3 17. Nd5 Nc5 18. Nxe7+ Qxe7 19. Ba3 Rad8 20. Re1 fxe4 21. Nd2 d5 22. c4 dxc4 23. Nxe4 b6 24. Bxc5 bxc5 25. Qd2 Bd5 26. Qc3 Qf7 27. Rb2 Qf5 28. Qa3 Qc8 29. a5 Rf7 30. Rd2 Rb7 31. Qa4 Kh8 32. Nc3 Bxg2 33. Kxg2 e4 34. Qxc4 Rd4 35. Qb3 Rb4 36. Qa3 Qf5 37. a6 Rb6 38. Na4 R6xb5 39. Rc1 Ra5 0-1

[Event "Rio de Janeiro Duchamp op 2nd"]
[Site "Rio de Janeiro"]
[Date "2018.11.16"]
[Round "3"]
[White "Maia, Jose Eduardo Bastos"]
[Black "Nascimento, Pedro Henrique Alve"]
[Result "1-0"]
[WhiteElo "2093"]
[BlackElo "2007"]
[PlyCount "67"]
[EventDate "2018.11.14"]
[EventType "swiss"]
[EventRounds "9"]
[EventCountry "BRA"]
[SourceTitle "CBM 187 Extra"]
[Source "ChessBase"]
[SourceDate "2018.11.04"]
[SourceVersion "1"]
[SourceVersionDate "2018.11.04"]
[SourceQuality "1"]

1. e4 e6 2. d3 c5 3. Nf3 Nc6 4. g3 g6 5. Bg2 Bg7 6. 0-0 Nge7 7. c3 e5 8. a4 d6 9. Na3 Bg4 10. h3 Bxf3 11. Bxf3 0-0 12. Nc2 Qb6 13. b4 cxb4 14. Be3 Qd8 15. cxb4 f5 16. b5 Na5 17. Rb1 d5 18. exd5 Nxd5 19. Bd2 Nf6 20. Bb4 Rf7 21. Ne3 Rb8 22. Qe1 b6 23. Bxa5 bxa5 24. Nc4 Re7 25. Nxa5 Qxd3 26. Be2 Qc2 27. Nc6 Reb7 28. Nxb8 Rxb8 29. Qd1 Qc5 30. Rc1 Qe7 31. Rc6 Rd8 32. Qc1 h6 33. Rc7 Qb4 34. Qc4+ 1-0

[Event "Florianopolis op 4th"]
[Site "Florianopolis"]
[Date "2018.01.22"]
[Round "5"]
[White "Maia, Jose Eduardo Bastos"]
[Black "Gamarra, Ramon"]
[Result "1/2-1/2"]
[WhiteElo "2105"]
[BlackElo "1890"]
[PlyCount "85"]
[EventDate "2018.01.19"]
[EventType "swiss"]
[EventRounds "10"]
[EventCountry "BRA"]
[SourceTitle "EXT 2019"]
[Source "ChessBase"]
[SourceDate "2018.10.10"]
[SourceVersion "1"]
[SourceVersionDate "2018.10.10"]
[SourceQuality "1"]

1. d4 Nf6 2. c4 c5 3. d5 e6 4. Nc3 exd5 5. cxd5 g6 6. e4 d6 7. Nf3 Bg7 8. Bb5+ Nfd7 9. a4 0-0 10. 0-0 b6 11. Bf4 a6 12. Bc6 Nxc6 13. dxc6 Ne5 14. Bxe5 dxe5 15. Qxd8 Rxd8 16. Nd5 Bg4 17. Nxb6 Ra7 18. Rac1 Bxf3 19. gxf3 Bf8 20. Nd7 Raxd7 21. cxd7 Rxd7 22. Rfd1 Rb7 23. Rd8 Kg7 24. Ra8 Rxb2 25. Rxa6 Be7 26. Ra8 Ra2 27. a5 Bh4 28. Rf1 c4 29. Rc8 Rxa5 30. Rxc4 Ra2 31. Rc5 f6 32. Rc7+ Kh6 33. Rf7 Rc2 34. Kg2 Ra2 35. Kh3 Bxf2 36. Rxf2 Rxf2 37. Kg3 Ra2 38. Rxf6 Kg7 39. Rd6 h6 40. h4 h5 41. Re6 Ra5 42. Rd6 Ra2 43. Re6 1/2-1/2

[Event "Florianopolis op 4th"]
[Site "Florianopolis"]
[Date "2018.01.19"]
[Round "1"]
[White "Maia, Jose Eduardo Bastos"]
[Black "Di Berardino, Diego Rafael"]
[Result "0-1"]
[WhiteElo "2105"]
[BlackElo "2516"]
[PlyCount "72"]
[EventDate "2018.01.19"]
[EventType "swiss"]
[EventRounds "10"]
[EventCountry "BRA"]
[SourceTitle "CBM 182 Extra"]
[Source "ChessBase"]
[SourceDate "2018.02.23"]
[SourceVersion "1"]
[SourceVersionDate "2018.02.23"]
[SourceQuality "1"]

1. d4 Nf6 2. c4 c5 3. d5 e6 4. Nc3 exd5 5. cxd5 d6 6. g3 g6 7. Bg2 Bg7 8. Nf3 0-0 9. 0-0 Na6 10. Nd2 Nc7 11. a4 b6 12. Nc4 Ba6 13. Qb3 Bxc4 14. Qxc4 a6 15. Qh4 Nd7 16. Ne4 Ne5 17. Bg5 f6 18. Bh6 Qe7 19. Bxg7 Kxg7 20. Nd2 Nf7 21. e4 b5 22. f4 Rfe8 23. Rfe1 Rab8 24. axb5 axb5 25. Qg4 Ra8 26. Qf3 Na6 27. Nb3 Nb4 28. Qc3 Ra4 29. Rf1 Rxa1 30. Rxa1 Qb7 31. Rd1 Qb6 32. Kh1 Ra8 33. Bh3 Ra4 34. Be6 c4 35. Nd4 Nd3 36. Nc6 Nf2+ 0-1

[Event "Florianopolis op 3rd"]
[Site "Florianopolis"]
[Date "2017.01.25"]
[Round "9"]
[White "Maia, Jose Eduardo Bastos"]
[Black "Cristino, Felipe Borges"]
[Result "1/2-1/2"]
[WhiteElo "2113"]
[BlackElo "1935"]
[PlyCount "130"]
[EventDate "2017.01.20"]
[EventType "swiss"]
[EventRounds "10"]
[EventCountry "BRA"]
[SourceTitle "CBM 176 Extra"]
[Source "ChessBase"]
[SourceDate "2017.03.02"]
[SourceVersion "1"]
[SourceVersionDate "2017.03.02"]
[SourceQuality "1"]

1. d4 d5 2. c4 e6 3. Nc3 Nf6 4. cxd5 exd5 5. Bg5 Be7 6. e3 0-0 7. Bd3 h6 8. Bh4 c6 9. Nge2 Nbd7 10. f3 b5 11. 0-0 Qe8 12. Bf2 b4 13. Na4 c5 14. Bb5 c4 15. Bc6 Rb8 16. Bg3 Bd8 17. Qd2 Qe7 18. Bxd7 Nxd7 19. Bxb8 Nxb8 20. Nc5 Nc6 21. Nf4 Qd6 22. Rad1 Bc7 23. g3 g5 24. Ng2 Kg7 25. e4 dxe4 26. Nxe4 Qxd4+ 27. Qxd4+ Nxd4 28. Kh1 Nc2 29. Rd2 b3 30. axb3 cxb3 31. Nc5 Bh3 32. Rc1 Bb6 33. Nxb3 Ne3 34. Ne1 Re8 35. Nc5 Nf1 36. Rdc2 Ne3 37. Re2 Bf1 38. Rf2 Bh3 39. Ned3 Nd5 40. b4 Nxb4 41. Nxb4 Bxc5 42. Rb2 a5 43. Nd3 Bd4 44. Ra2 Bf5 45. Rd1 Bc3 46. Kg2 Rc8 47. Rc2 a4 48. Rdc1 Bxd3 49. Rxc3 Rxc3 50. Rxc3 Be2 51. Kf2 Bd1 52. Ke3 Bb3 53. Ke4 Kf6 54. Rc6+ Kg7 55. Ra6 Bc2+ 56. Ke5 Bb3 57. f4 gxf4 58. Kxf4 Bc2 59. Ke5 Bb3 60. g4 Bc2 61. Ra7 Bb3 62. Kf4 Bd1 63. Rd7 Bc2 64. g5 hxg5+ 65. Kxg5 Bb3 1/2-1/2

[Event "Florianopolis op 2nd"]
[Site "Florianopolis"]
[Date "2016.01.19"]
[Round "5"]
[White "Barbosa, Jefferson Lucas Mun"]
[Black "Maia, Jose Eduardo Bastos"]
[Result "0-1"]
[WhiteElo "1939"]
[BlackElo "2122"]
[PlyCount "84"]
[EventDate "2016.01.16"]
[EventType "swiss"]
[EventRounds "10"]
[EventCountry "BRA"]
[SourceTitle "CBM 170 Extra"]
[Source "ChessBase"]
[SourceDate "2016.02.25"]
[SourceVersion "1"]
[SourceVersionDate "2016.02.25"]
[SourceQuality "1"]

1. e4 c5 2. Nc3 e6 3. Nf3 d5 4. exd5 exd5 5. Bb5+ Nc6 6. 0-0 a6 7. Re1+ Be7 8. Bxc6+ bxc6 9. d4 Nf6 10. Ne5 Bb7 11. dxc5 0-0 12. Qd4 Ne8 13. Qb4 Rb8 14. Bf4 Nc7 15. Na4 Ne6 16. Bg3 h5 17. Nd3 a5 18. Qd2 Ra8 19. f4 Ba6 20. Bf2 Bxd3 21. cxd3 d4 22. Re5 g6 23. Rae1 Bf6 24. R5e4 Ng7 25. Nb6 Nf5 26. Nxa8 Qxa8 27. g3 Qa7 28. Qc2 Kg7 29. h3 Rb8 30. g4 hxg4 31. hxg4 Ne3 32. Bxe3 dxe3 33. d4 Rb4 34. g5 Bxd4 35. Qh2 Qd7 36. f5 gxf5 37. Qh6+ Kg8 38. Rh4 e2+ 39. Kh2 Be5+ 40. Kg1 Qd3 41. Qh7+ Kf8 42. Qh6+ Ke7 0-1

[Event "Florianopolis op 2nd"]
[Site "Florianopolis"]
[Date "2016.01.18"]
[Round "4"]
[White "Maia, Jose Eduardo Bastos"]
[Black "De Freitas, Julio Eimard"]
[Result "1-0"]
[WhiteElo "2122"]
[BlackElo "1877"]
[PlyCount "45"]
[EventDate "2016.01.16"]
[EventType "swiss"]
[EventRounds "10"]
[EventCountry "BRA"]
[SourceTitle "CBM 170 Extra"]
[Source "ChessBase"]
[SourceDate "2016.02.25"]
[SourceVersion "1"]
[SourceVersionDate "2016.02.25"]
[SourceQuality "1"]

1. e4 c5 2. Nc3 a6 3. g3 Nc6 4. Bg2 Nf6 5. f4 d6 6. Nf3 g6 7. d3 Bg7 8. h3 0-0 9. 0-0 Bd7 10. g4 Qc7 11. Be3 e6 12. Qe1 Ne7 13. Qh4 Rae8 14. f5 exf5 15. Bg5 fxg4 16. hxg4 Nxg4 17. Bxe7 Rxe7 18. Nd5 Qd8 19. Nxe7+ Kh8 20. Ng5 Bd4+ 21. Kh1 h6 22. Rxf7 Nf2+ 23. Qxf2 1-0

[Event "Florianopolis op 2nd"]
[Site "Florianopolis"]
[Date "2016.01.16"]
[Round "1"]
[White "Raulino, Marcelo Juvenal"]
[Black "Maia, Jose Eduardo Bastos"]
[Result "0-1"]
[WhiteElo "1667"]
[BlackElo "2122"]
[PlyCount "54"]
[EventDate "2016.01.16"]
[EventType "swiss"]
[EventRounds "10"]
[EventCountry "BRA"]
[SourceTitle "CBM 170 Extra"]
[Source "ChessBase"]
[SourceDate "2016.02.25"]
[SourceVersion "1"]
[SourceVersionDate "2016.02.25"]
[SourceQuality "1"]

1. e4 c5 2. d4 cxd4 3. Nf3 a6 4. c3 dxc3 5. Bc4 e6 6. 0-0 d6 7. Nxc3 Nc6 8. Qe2 Be7 9. Rd1 Qc7 10. Bf4 Ne5 11. Nxe5 dxe5 12. Bg3 Nf6 13. Rac1 0-0 14. Qf1 Qa5 15. Rd3 b5 16. Bb3 b4 17. Ne2 Nxe4 18. f4 Nc5 19. Rxc5 Bxc5+ 20. Kh1 e4 21. Rd1 Qb6 22. f5 a5 23. f6 Rd8 24. Rxd8+ Qxd8 25. Be5 Ba6 26. Qf4 Bxe2 27. fxg7 Qd3 0-1

[Event "Barcelona Sants op 17th"]
[Site "Barcelona"]
[Date "2015.08.29"]
[Round "9"]
[White "Minko, Vladimir"]
[Black "Maia, Jose Eduardo Bastos"]
[Result "1-0"]
[WhiteElo "2268"]
[BlackElo "2126"]
[PlyCount "45"]
[EventDate "2015.08.21"]
[EventType "swiss"]
[EventRounds "10"]
[EventCountry "ESP"]
[SourceTitle "EXT 2017"]
[Source "ChessBase"]
[SourceDate "2016.10.25"]
[SourceVersion "1"]
[SourceVersionDate "2016.10.25"]
[SourceQuality "1"]

1. d4 Nf6 2. c4 e6 3. g3 d5 4. Nf3 c6 5. Bg2 Be7 6. 0-0 0-0 7. Qc2 b6 8. b3 Nbd7 9. Nbd2 Bb7 10. e4 Rc8 11. e5 Ne8 12. Bb2 c5 13. cxd5 cxd4 14. Qe4 Bxd5 15. Qxd4 f5 16. Rac1 Nc7 17. Rfd1 Nc5 18. Nc4 Nb5 19. Qe3 Qe8 20. a4 Bxc4 21. Rxc4 Nc7 22. Nd4 Nd5 23. Qd2 1-0

[Event "Barcelona Sants op 17th"]
[Site "Barcelona"]
[Date "2015.08.27"]
[Round "7"]
[White "Chalmeta Ugas, Ramon"]
[Black "Maia, Jose Eduardo Bastos"]
[Result "1-0"]
[WhiteElo "2271"]
[BlackElo "2126"]
[PlyCount "79"]
[EventDate "2015.08.21"]
[EventType "swiss"]
[EventRounds "10"]
[EventCountry "ESP"]
[SourceTitle "EXT 2017"]
[Source "ChessBase"]
[SourceDate "2016.10.25"]
[SourceVersion "1"]
[SourceVersionDate "2016.10.25"]
[SourceQuality "1"]

1. e4 c5 2. Nf3 e6 3. d4 cxd4 4. Nxd4 a6 5. Bd3 Nc6 6. Nb3 Nf6 7. Nc3 Qc7 8. f4 d6 9. Qf3 b5 10. Be3 Bb7 11. 0-0 h5 12. Kh1 Be7 13. Rad1 Rc8 14. h3 Nb4 15. Bg1 h4 16. a3 Nxd3 17. cxd3 d5 18. e5 Nh5 19. Bh2 g6 20. Rc1 Qb6 21. Ne2 Ng7 22. Bg1 Qd8 23. Ned4 Nf5 24. Nxf5 gxf5 25. Rxc8 Bxc8 26. d4 Rg8 27. Bf2 a5 28. Rc1 Bd7 29. Qh5 b4 30. axb4 axb4 31. Nc5 Bxc5 32. Rxc5 Qa8 33. Qe2 Qa1+ 34. Kh2 Rh8 35. Be1 b3 36. Rc7 Qa4 37. Qd2 Kf8 38. Qc3 Kg7 39. Bxh4 Kh7 40. Qf3 1-0